Szczegóły MARC21

An outline of American history /

003 -Nazwa inst., której nr kontr. jest w polu 001 [,]
    • @
    • Nazwa instytucji, której n kontrolny jest w polu 001
    • NUKAT
005 -DATA I CZAS OSTATNIEJ MODYFIKACJI [,]
    • @
    • pole kontrolne
    • 20250710211330.0
040 -Instytucja sporządzająca opis [ , ]
    • a
    • Instytucja, która sporządziła opis (NP)
    • KR U/85LeM
    • c
    • Instytucja, która sporządziła rekord (NP)
    • KR U/85LeM
942 -Rodzaj dokumentu [ , ]
    • c
    • Rodzaj dokumentu
    • Książka
245 -Strefa tytułu i oznaczenia odpowiedzialności [0,3]
    • a
    • Tytuł
    • An outline of American history / Find
    • c
    • Pozostałe elementy strefy tytułu i oznaczenia odpowiedzialności (NP)
    • [editor Howard Cincotta].
260 -Strefa adresu wydawniczego [ , ]
    • a
    • Miejsce wydania (P)
    • [Washington] :
    • b
    • Nazwa wydawcy (P)
    • Office of International Information Programs. United States Department of State,
    • c
    • Data wydania (P)
    • 1994.
300 -Strefa opisu fizycznego [ , ]
    • a
    • Określenie formy książki i/lub objętość (NP)
    • 407 s. :
    • b
    • Oznaczenie ilustracji (NP)
    • il. (w tym kolor.) ;
    • c
    • Format (NP)
    • 21 cm.
336 -Typ zawartości [ , ]
    • a
    • Termin opisujący typ zawartości
    • Tekst
    • b
    • Kod określający zawartość
    • txt
    • 2
    • Źródło (terminu i kodu)
    • rdacontent
337 -Typ mediów [ , ]
    • a
    • Tryb odtwarzania
    • Bez urządzenia pośredniczącego
    • b
    • Kod typu mediów
    • n
    • 2
    • Źródło (terminu i kodu)
    • rdamedia
338 -Typ/rodzaj nośnika [ , ]
    • a
    • Hasło opisujące typ nośnika
    • Wolumin
    • b
    • Kod typu nośnika
    • nc
    • 2
    • Źródło (terminu i kodu)
    • rdacarrier
504 -Uwaga dot. bibliogr. załącznikowej [ , ]
    • a
    • Uwaga dot. bibliografii załącznikowej
    • Bibliogr. s. 391-403.
510 -Uwaga dot. cytaty bibliograficznej [3, ]
    • a
    • Nazwa źródła
    • NK ČR online
510 -Uwaga dot. cytaty bibliograficznej [3, ]
    • a
    • Nazwa źródła
    • GVK online
080 -Uniwersalna Klasyfikacja Dziesiętna [ , ]
    • a
    • Symbol klasyfikacji
    • 94(73)
    • 2
    • Identyfikator wydania tablic
    • UDC-P058
    • 9
    • UKD
    • 7199
    • b
    • Dopowiedzenie
    • Historia. Stany Zjednoczone Ameryki Północnej.
651 -Hasło przedmiotowe w formie nazwy geograficznej [ ,7]
    • a
    • Nazwa geograficzna
    • Stany Zjednoczone
    • x
    • Określnik rzeczowy
    • historia.
    • 2
    • Źródło terminu
    • kaba
    • 9
    • KHW
    • 130897
980 -Symbol UKD [ , ]
    • a
    • UKD
    • 94(73)
700 -Hasło dodatkowe - nazwa osobowa [1, ]
    • a
    • Nazwa osobowa (NP)
    • Cincotta, Howard. Find
    • e
    • Określenie rodzaju współpracy
    • Red.
    • 9
    • KHW
    • 612289
710 -Hasło dodatkowe - nazwa ciała zbiorowego [1, ]
    • a
    • Nazwa ciała zbiorowego lub nazwa geograficzna jako pierwszy element (NP)
    • Stany Zjednoczone.
    • b
    • Nazwa jednostki podrzędnej (P)
    • Department of State.
    • b
    • Nazwa jednostki podrzędnej (P)
    • Bureau of International Information Programs.
    • 4
    • Kod relacji
    • pbl
    • 9
    • KHW
    • 612290
Numer inwentarzowy Lokalizacja Data inwentaryzacji Status udost. Sygnatura
WM.208BG2002-10-02-5WM.203
WM.209BG2002-10-02-5WM.203
WM.210BG2002-10-02-5WM.203
WM.211BG2002-10-022WM.203
WM.212BG2002-10-022WM.203
WM.213BG2002-10-022WM.203
WM.214BG2002-10-022WM.203
WM.215BG2002-10-022WM.203
WM.216BG2002-10-022WM.203
WM.217BG2002-10-022WM.203
WM.218BG2002-10-022WM.203
WM.219BG2002-10-022WM.203
WM.220BG2002-10-022WM.203
WM.221BG2002-10-022WM.203
WM.222BG2002-10-022WM.203
WM.203BG2002-10-022WM.203
WM.204BG2002-10-022WM.203
WM.205BG2002-10-022WM.203
WM.206BG2002-10-022WM.203
WM.207BG2002-10-022WM.203
A.6329BM2002-03-221ANG. Historia Stanów Zjedn. 15
A.6330BM2002-03-22-3Ang.Zarys Hist. Stanów Zjedn. 09
A.6333BM2002-03-22-3 
A.6332BM2002-03-22-3 
A.6331BM2002-03-22-3 
M.3148BM2002-10-022 
A.7531BM2006-05-18-3